000 01042nam0a22002531 4500
001 rc\1016869
005 20260406202727.0
035 _a(NLR Aleph) 006181931
090 _a6074843
_c6074843
100 _a20041129d1981 |||y0rusy50 ca
101 0 _arus
102 _aRU
105 _ay |||||||||
200 1 _aМетодика подготовки и проведения библиотечного урока
_e(Метод. рекомендации)
_fГос. дет. б-ка МССР им. А.С. Пушкина, Н.-и. отд.
_g[Составитель М.Д. Дмитриева]
210 _aКишинев
_cБ. и.
_d1981
215 _a9 с.
_d20
320 _aБиблиогр.: с. 9
702 1 _aДмитриева
_bМ.Д.
_4220
712 0 2 _aМолдавская республиканская детская библиотека им. А.С. Пушкина
_cКишинев
_3RU\NLR\AUTH\889962714
_9421738
801 0 _aRU
_bNLR
_gpsbo
801 1 _aRU
_bELAR
_2rusmarc
852 _aNLR
_bБ
_j9060/Д-534
942 _cBOOK
980 _aNB